Giáo trình luật tố tụng dân sự Việt Nam

Uloženo v:
Podrobná bibliografie
Hlavní autor: Nguyễn, Công Bình
Médium: Kniha
Jazyk:Undetermined
Vydáno: Hà Nội Công an Nhân dân 2003
Témata:
Tagy: Přidat tag
Žádné tagy, Buďte první, kdo otaguje tento záznam!
Thư viện lưu trữ: Trung tâm Học liệu Trường Đại học Cần Thơ
LEADER 00599nam a2200205Ia 4500
001 CTU_64138
008 210402s9999 xx 000 0 und d
020 |b 25000 
082 |a 347.59705 
082 |b B312 
100 |a Nguyễn, Công Bình 
245 0 |a Giáo trình luật tố tụng dân sự Việt Nam 
245 0 |c Nguyễn Công Bình 
260 |a Hà Nội 
260 |b Công an Nhân dân 
260 |c 2003 
650 |a Civil law,Civil procedure 
650 |z Viet nam 
904 |i TUYẾN 
980 |a Trung tâm Học liệu Trường Đại học Cần Thơ